[Event "20 12 25"]
[Site "www.echecsemail.com"]
[Date "2026.01.10"]
[Round "1"]
[White "Katastrofic"]
[Black "Abelito"]
[WhiteElo "1440"]
[BlackElo "1580"]
[Result "1-0"]
1.e4 e5
2.Bf1c4 Ng8f6
3.d3 c6
4.h3 d5
5.exd5 cxd5
6.Bc4b3 Bf8b4
7.c3 Bb4a5
8.Bc1d2 Nb8c6
9.Ng1f3 O-O
10.O-O Bc8f5
11.Bb3c2 Qd8b6
12.b4 Nc6xb4
13.cxb4 Ba5xb4
14.Bd2xb4 Qb6xb4
15.Nf3xe5 Qb4d4
16.Nb1d2 Qd4xe5
17.Nd2f3 Qe5c3
18.Ra1c1 Qc3a3
19.Bc2b3 a5
20.Rc1c7 b5
21.Qd1c1 Bf5xd3
22.Rf1d1 b4
23.Qc1xa3 bxa3
24.Rd1xd3 a4
25.Bb3xd5 Nf6xd5
26.Rd3xd5 h6
27.Nf3e5 Ra8e8
28.Ne5f3 Re8e2
29.Rd5a5 Re2xa2
30.Ra5xa4 Ra2a1
31.Kh2 Kh7
32.Rc7a7 Ra1a2
33.Kg3 Rf8c8
34.Ra4xa3 Ra2xa3
35.Ra7xa3 f6
36.Nf3d4 Rc8e8
37.Ra3a7 Re8e5
38.Nd4c6 Re5e6
39.Nc6d4 Re6d6
40.Nd4f5 Rd6d3
41.f3 Kg6
42.Nf5e7 Kf7
43.Ne7c6 Kg6
44.Ra7a6 Rd3e3
45.h4 h5
46.Kf4 Re3e5
47.Nc6xe5 { abandon }1-0

[Event "Défi"]
[Site "www.echecsemail.com"]
[Date "2026.01.10"]
[Round "1"]
[White "Payne42"]
[Black "Khamis"]
[WhiteElo "1780"]
[BlackElo "1830"]
[Result "0-1"]
1.f4 c5
2.Ng1f3 Nb8c6
3.e3 d5
4.Bf1b5 Bc8d7
5.b3 Ng8f6
6.Bc1b2 e6
7.Bb5xc6 Bd7xc6
8.Nf3e5 Bc6b5
9.c4 Bb5a6
10.O-O Bf8e7
11.Rf1f3 O-O
12.Nb1c3 Ra8c8
13.Rf3h3 Nf6d7
14.cxd5 Nd7xe5
15.fxe5 exd5
16.Qd1h5 h6
17.Rh3g3 Kh8
18.Nc3d1 d4
19.Nd1f2 Be7g5
20.Nf2e4 g6
21.Qh5g4 Bg5e7
22.h4 h5
23.Qg4f4 Be7xh4
24.Qf4h6 Kg8
25.Ne4f6 Bh4xf6
26.exf6 Qd8xf6
27.Qh6xh5 Rf8d8
28.exd4 cxd4
29.Qh5g4 Rc8c2
30.Rg3f3 Qf6d6
31.Ra1b1 Ba6e2
32.Qg4xd4 Qd6xd4
33.Bb2xd4 Be2xf3
34.Bd4f6 Rd8d6
35.Bf6e7 Rd6e6
36.Be7b4 Bf3c6
37.Bb4c3 Re6e2
38.a4 Re2xg2
39.Kf1 Rg2h2
40.Rb1a1 Rh2h1
41.Ke2 Rh1xa1
42.Bc3xa1 Bc6d5
43.b4 Rc2a2
44.Ba1c3 Ra2xa4
45.Ke3 Ra4a6
46.Kf4 Ra6e6
47.Kg5 Re6e2
48.Kf6 a6
49.Kg5 Re2g2
50.Kf4 g5
51.Ke5 Bd5c4
52.Kd6 Rg2e2
53.Kc7 Bc4d5
54.Kd6 Bd5c6
55.Kc5 g4
56.Kd4 g3
57.Kd3 Re2e6
58.Bc3d4 g2
59.Kc2 Re6e1
60.Bd4f2 Re1h1
61.Kd3 g1Q
62.Bf2xg1 Rh1xg1
{ abandon }0-1

[Event "Défi( 10J+24H/c 10J Max )"]
[Site "www.echecsemail.com"]
[Date "2026.01.10"]
[Round "1"]
[White "Tunnellavage"]
[Black "Skalfa"]
[WhiteElo "1800"]
[BlackElo "1870"]
[Result "0-1"]
1.e4 e5
2.Ng1f3 Nb8c6
3.Bf1c4 h6
4.Nb1c3 Ng8f6
5.d3 Bf8c5
6.a3 a6
7.h3 O-O
8.O-O d6
9.Qd1e1 Kh8
10.Nc3e2 Nf6h7
11.c3 f5
12.Ne2g3 Qd8e8
13.Kh2 f4
14.Ng3e2 g5
15.Kg1 Rf8f6
16.d4 Bc5a7
17.d5 Nc6e7
18.Nf3h2 h5
19.Kh1 g4
20.h4 f3
21.gxf3 gxf3
22.Ne2g3 Bc8h3
23.Rf1g1 Bh3g2
24.Rg1xg2 fxg2
25.Kxg2 Ba7xf2
26.Qe1d2 Bf2xg3
27.Kxg3 Qe8g6
28.Kh3 Ra8g8
{ abandon }0-1

[Event "Tournoi n27368"]
[Site "www.echecsemail.com"]
[Date "2026.01.10"]
[Round "1"]
[White "Albescab"]
[Black "Tiounet"]
[WhiteElo "1630"]
[BlackElo "1650"]
[Result "1-0"]
1.b3 b5
2.Bc1b2 Bc8b7
3.e3 Ng8f6
4.Ng1f3 a6
5.Nb1c3 g6
6.Bf1e2 Bf8g7
7.d4 O-O
8.O-O d6
9.Nf3g5 Nb8d7
10.Be2d3 c5
11.dxc5 Nd7xc5
12.Bd3e2 Ra8c8
13.b4 Nc5d7
14.Be2d3 Nd7e5
15.Nc3e2 Ne5xd3
16.Qd1xd3 Qd8c7
17.c3 Nf6d5
18.e4 Nd5xc3
19.Ra1c1 Nc3xe2
20.Qd3xe2 Qc7d7
21.Bb2xg7 Kxg7
22.Rc1d1 Rc8c4
23.Qe2b2 e5
24.f3 f6
25.Ng5h3 Rf8c8
26.Rd1c1 Rc4xc1
27.Rf1xc1 Rc8xc1
28.Qb2xc1 Qd7c6
29.Qc1b2 Qc6c4
30.Nh3f2 Bb7c8
31.a3 Bc8e6
32.h3 d5
33.Kh2 dxe4
34.Nf2xe4 Qc4d4
35.Qb2c2 Be6c4
36.Ne4c5 Qd4f4
37.Kh1 Qf4g3
38.Nc5xa6 Qg3e1
39.Kh2 Qe1a1
40.Na6c7 Qa1xa3
41.Nc7e8 Kf7
42.Ne8d6 Kg7
43.Nd6xc4 bxc4
44.Qc2xc4 Qa3a7
45.b5 Qa7b8
46.Qc4c5 f5
47.b6 e4
48.g3 exf3
49.Qc5b5 Qb8b7
50.Kg1 h5
51.Kf2 Kh6
52.Qb5c5 Kg5
53.h4 Kg4
54.Qc5d4 Kh3
55.Qd4d6 Qb7e4
56.Qd6d2 Qe4b7
57.Qd2b4 Qb7e4
58.Qb4xe4 fxe4
59.b7 e3
60.Kxf3 { abandon }1-0

[Event "Tournoi n27312"]
[Site "www.echecsemail.com"]
[Date "2026.01.10"]
[Round "1"]
[White "Nbelnico"]
[Black "Petitlulu64"]
[WhiteElo "1730"]
[BlackElo "1760"]
[Result "1-0"]
1.e4 e5
2.Ng1f3 d6
3.h3 Nb8c6
4.Bf1c4 Bf8e7
5.O-O Ng8f6
6.d3 O-O
7.Nb1c3 Nc6a5
8.b4 Na5c6
9.b5 Nc6d4
10.Nc3d5 Bc8e6
11.c3 c6
12.bxc6 bxc6
13.Nd5xf6 Be7xf6
14.cxd4 d5
15.dxe5 Bf6e7
16.exd5 cxd5
17.Bc4b3 f6
18.d4 fxe5
19.Nf3xe5 Be7d6
20.Ne5f3 Qd8f6
21.Bc1g5 Qf6f5
22.Bb3c2 Qf5f7
23.Qd1d3 g6
24.Bg5h6 Rf8c8
25.Nf3g5 Qf7f6
26.Qd3b3 Bd6f8
27.Bh6xf8 Rc8xf8
28.Ng5xe6 Rf8e8
29.Qb3xd5 Qf6xe6
30.Qd5b5 Kh8
31.Bc2b3 Qe6d6
32.d5 a6
33.Qb5c4 Ra8c8
34.Qc4d4 Kg8
35.Bb3a4 Re8e5
36.Ra1b1 Re5xd5
37.Ba4b3 Rc8d8
38.Rf1d1 Kf8
39.Bb3xd5 Qd6a3
40.Qd4f6 Ke8
41.Qf6f7 1-0

[Event "Tournoi échelle division 1"]
[Site "www.echecsemail.com"]
[Date "2026.01.10"]
[Round "1"]
[White "Domenico"]
[Black "Luc20"]
[WhiteElo "1700"]
[BlackElo "1840"]
[Result "1-0"]
1.e4 e6
2.Bf1c4 d5
3.exd5 exd5
4.Bc4e2 Ng8f6
5.d4 c5
6.dxc5 Bf8xc5
7.Ng1f3 Nb8c6
8.O-O O-O
9.c3 Rf8e8
10.Nb1d2 Qd8c7
11.Be2d3 Bc8g4
12.Qd1c2 Bg4h5
13.Nf3g5 Bh5g6
14.Bd3xg6 hxg6
15.Nd2f3 Nc6e5
16.Nf3xe5 Re8xe5
17.Qc2d3 Re5f5
18.Qd3h3 Qc7b6
19.b4 Bc5xf2
20.Kh1 Nf6e4
21.Ng5xe4 dxe4
22.Rf1xf2 Qb6xf2
23.Bc1e3 Qf2b2
24.Ra1g1 Qb2xc3
25.b5 Qc3f6
26.Qh3g4 Rf5xb5
27.Qg4xe4 Qf6e6
28.Qe4a4 a6
29.Be3f4 Ra8e8
30.Bf4g3 f6
31.h4 Rb5h5
32.Rg1e1 Rh5e5
33.Bg3xe5 fxe5
34.Qa4e4 b5
35.a3 Qe6f5
36.Qe4c6 Re8e6
37.Qc6c8 Kh7
38.Re1d1 Re6f6
39.Qc8e8 Rf6e6
40.Qe8c8 Re6e7
41.Qc8d8 Qf5f7
42.Rd1d3 Qf7e8
43.Qd8b6 Re7e6
44.Qb6f2 e4
45.Rd3d5 e3
46.Qf2e2 Qe8f7
47.h5 Re6e4
48.hxg6 Qf7xg6
49.Rd5h5 Kg8
50.Qe2a2 Qg6f7
51.Rh5h8 Kxh8
52.Qa2xf7 Re4h4
53.Kg1 e2
54.Qf7e8 { abandon }1-0

[Event "Tournoi n27378"]
[Site "www.echecsemail.com"]
[Date "2026.01.10"]
[Round "1"]
[White "Odemevol"]
[Black "Emmanuel"]
[WhiteElo "1930"]
[BlackElo "1950"]
[Result "1-0"]
1.d4 f5
2.c4 Ng8f6
3.g3 g6
4.Bf1g2 Bf8g7
5.Ng1f3 O-O
6.O-O d6
7.Nb1c3 Nb8d7
8.Nf3g5 Nd7b6
9.c5 dxc5
10.dxc5 Nb6c4
11.b3 Nc4a5
12.Qd1c2 Na5c6
13.Bc1f4 h6
14.Ng5f3 e6
15.Nc3b5 e5
16.Nf3xe5 Nc6xe5
17.Bf4xe5 Nf6d5
18.Be5xg7 Kxg7
19.Bg2xd5 Qd8xd5
20.Nb5xc7 Qd5c6
21.Nc7xa8 b5
22.Qc2c3 Kg8
23.Qc3f3 Qc6c7
24.Na8xc7 { abandon }1-0

[Event "Défi( 10J+24H/c 10J Max )"]
[Site "www.echecsemail.com"]
[Date "2026.01.10"]
[Round "1"]
[White "Tunnellavage"]
[Black "Skalfa"]
[WhiteElo "1800"]
[BlackElo "1870"]
[Result "1-0"]
1.e4 e5
2.Ng1f3 Nb8c6
3.Bf1c4 Ng8f6
4.d3 h6
5.Nb1c3 a6
6.a3 Bf8c5
7.h3 O-O
8.O-O b5
9.Bc4a2 d6
10.Nc3e2 Kh8
11.c3 Nf6h7
12.Ne2g3 Nc6e7
13.Qd1e2 Ne7g6
14.Kh2 c6
15.Bc1e3 Bc5a7
16.Ng3f5 Ng6e7
17.Nf3h4 g5
18.Nh4f3 Bc8xf5
19.exf5 Ne7xf5
20.Be3d2 Nh7f6
21.g4 Nf5g7
22.Kg2 Nf6d5
23.Ba2xd5 cxd5
24.Rf1h1 Ng7e6
25.h4 Ne6f4
26.Bd2xf4 gxf4
27.g5 Kg7
28.Ra1g1 Rf8h8
29.Kf1 hxg5
30.Rg1xg5 Kh6
31.Nf3xe5 dxe5
32.Qe2h5 1-0

[Event "TRISTAN DA CUNHA"]
[Site "www.echecsemail.com"]
[Date "2026.01.10"]
[Round "1"]
[White "Mindthegap"]
[Black "Rachess"]
[WhiteElo "1420"]
[BlackElo "1550"]
[Result "1-0"]
1.e4 e5
2.Ng1f3 Nb8c6
3.Nb1c3 Ng8f6
4.Bf1c4 Nf6xe4
5.Nc3xe4 d5
6.Bc4d3 dxe4
7.Bd3xe4 Bf8c5
8.O-O f5
9.Be4xc6 bxc6
10.Nf3xe5 Qd8d5
11.Qd1h5 g6
12.Ne5xg6 Qd5f7
13.Qh5e2 Bc8e6
14.Ng6xh8 Qf7f6
15.d4 Bc5xd4
16.Bc1g5 Qf6xh8
17.Qe2xe6 Kf8
18.Ra1d1 Ra8e8
19.Bg5h6 Bd4g7
20.Qe6xf5 Kg8
21.Rf1e1 Re8xe1
22.Rd1xe1 Bg7xh6
23.Re1e8 Bh6f8
24.Qf5xf8 1-0

[Event "XERTIGNY  VOSGES"]
[Site "www.echecsemail.com"]
[Date "2026.01.10"]
[Round "1"]
[White "Legrillon"]
[Black "Mindthegap"]
[WhiteElo "1710"]
[BlackElo "1500"]
[Result "1-0"]
1.e4 e5
2.Ng1f3 Ng8f6
3.Bf1c4 Nf6xe4
4.d3 Ne4c5
5.Nf3xe5 d5
6.Qd1f3 Qd8f6
7.Qf3xd5 Bc8e6
8.Qd5d4 Be6xc4
9.dxc4 Bf8d6
10.Bc1f4 Nc5e6
11.Qd4e3 Qf6xf4
12.Qe3xf4 Ne6xf4
13.Ne5f3 Nf4xg2
14.Kd2 Nb8c6
15.Rh1g1 Bd6f4
16.Kc3 Bf4e5
17.Kb3 Nc6d4
18.Ka4 Nd4xf3
19.Rg1xg2 O-O
20.c3 Nf3h4
21.Rg2g4 Nh4g6
22.Nb1d2 Rf8d8
23.Nd2e4 Be5xh2
24.Ra1h1 Bh2d6
25.a3 b5
26.cxb5 a6
27.Ne4xd6 axb5
28.Kxb5 Rd8xd6
29.Rg4d4 Rd6b6
30.Kc4 Ra8a4
31.Kd3 Ra4xd4
32.Kxd4 Rb6xb2
33.f3 Ng6f4
34.Rh1e1 Rb2d2
35.Kc4 Nf4d5
36.Re1e8 1-0

[Event "Tournoi n27379"]
[Site "www.echecsemail.com"]
[Date "2026.01.10"]
[Round "1"]
[White "Wenoketo"]
[Black "Tiounet"]
[WhiteElo "1650"]
[BlackElo "1660"]
[Result "1-0"]
1.d4 b5
2.Ng1f3 Bc8b7
3.e3 a6
4.Bf1e2 g6
5.O-O Bf8g7
6.Nb1d2 Ng8f6
7.b3 O-O
8.Ra1b1 d6
9.Bc1b2 Nb8d7
10.c4 bxc4
11.Nd2xc4 Nf6d5
12.Nc4d2 Nd7b6
13.Rb1c1 Ra8c8
14.a3 Nb6d7
15.Rc1c2 Nd7b6
16.Qd1c1 c5
17.dxc5 Bg7xb2
18.Qc1xb2 Nd5f6
19.cxb6 Qd8xb6
20.Rf1c1 Rc8xc2
21.Rc1xc2 Rf8c8
22.Rc2xc8 Bb7xc8
23.Nd2c4 Qb6c5
24.Nf3d4 Nf6e4
25.Be2f3 Ne4g5
26.h3 Ng5xf3
27.Nd4xf3 Bc8b7
28.Nf3e1 Bb7d5
29.Nc4d2 e6
30.b4 Qc5b5
31.Ne1f3 Qb5e2
32.Qb2f6 Bd5xf3
33.Nd2xf3 Qe2d1
34.Kh2 Qd1b3
35.Nf3g5 { abandon }1-0

[Event "Défi"]
[Site "www.echecsemail.com"]
[Date "2026.01.10"]
[Round "1"]
[White "Castor"]
[Black "Dversix"]
[WhiteElo "1340"]
[BlackElo "1540"]
[Result "0-1"]
1.d4 d5
2.c4 c6
3.Nb1c3 dxc4
4.e4 e6
5.Bf1xc4 Bf8b4
6.Bc1d2 Bb4xc3
7.bxc3 Ng8e7
8.Ng1e2 O-O
9.O-O b5
10.Bc4b3 a5
11.a4 bxa4
12.Bb3xa4 Bc8a6
13.Rf1e1 Ba6xe2
14.Qd1xe2 f5
15.e5 Qd8c7
16.Qe2h5 g6
17.Qh5g5 Rf8f7
18.Qg5h6 Ra8a7
19.Bd2e3 Ne7d5
20.Be3g5 Nd5xc3
21.Ba4c2 c5
22.Bc2b3 cxd4
23.Bb3xe6 Nb8c6
24.Be6xf7 Qc7xf7
25.e6 Qf7g7
26.Qh6h4 h5
27.Bg5f6 Qg7f8
28.Bf6g5 Nc3e4
29.Bg5c1 d3
30.Bc1a3 Qf8e8
31.f3 d2
32.Re1f1 Qe8xe6
33.fxe4 fxe4
34.Ba3b2 e3
35.Qh4g5 e2
36.Qg5h6 e1Q
37.Ra1xe1 dxe1Q
38.Qh6g7 Ra7xg7
39.Bb2a3 Qe6e3
{ abandon }0-1

[Event "Coupe Niveau 5"]
[Site "www.echecsemail.com"]
[Date "2026.01.10"]
[Round "1"]
[White "Domenico"]
[Black "Tahar"]
[WhiteElo "1710"]
[BlackElo "2020"]
[Result "1-0"]
1.e4 d6
2.Bf1c4 Ng8f6
3.d3 e5
4.Ng1f3 Bf8e7
5.O-O O-O
6.Bc1e3 Nb8d7
7.Nb1c3 c6
8.a3 Nd7b6
9.Bc4a2 Bc8g4
10.d4 exd4
11.Be3xd4 Bg4e6
12.Qd1d3 Be6xa2
13.Ra1xa2 Rf8e8
14.e5 dxe5
15.Nf3xe5 Be7d6
16.Ne5f3 Qd8c7
17.b4 Nb6d7
18.Nc3e2 Ra8d8
19.Ne2g3 Bd6e5
20.c3 Nd7f8
21.Ra2e2 Be5xg3
22.fxg3 b6
23.Nf3g5 c5
24.Re2xe8 Nf6xe8
25.Rf1xf7 Rd8d7
26.Rf7xf8 Kxf8
27.Ng5e6 Kg8
28.Ne6xc7 Ne8xc7
29.bxc5 bxc5
30.Qd3c4 Kf8
31.Bd4xc5 { abandon }1-0

[Event "Défi"]
[Site "www.echecsemail.com"]
[Date "2026.01.10"]
[Round "1"]
[White "Jmr"]
[Black "Vvvv"]
[WhiteElo "1550"]
[BlackElo "1650"]
[Result "0-1"]
1.e4 c5
2.Ng1f3 d6
3.Nb1c3 e6
4.Bf1b5 Nb8c6
5.d4 a6
6.Bb5xc6 bxc6
7.dxc5 d5
8.exd5 cxd5
9.O-O Bf8xc5
10.a3 Bc8b7
11.Nf3d4 Qd8f6
12.Nc3e2 Ng8e7
13.b4 Bc5a7
14.Bc1b2 O-O
15.Ra1b1 e5
16.Nd4f3 d4
17.Nf3d2 Ra8c8
18.Rb1c1 Qf6g6
19.Ne2g3 f5
20.Nd2f3 Ne7c6
21.c3 dxc3
22.Bb2xc3 e4
23.Nf3h4 Qg6e6
24.Rf1e1 Nc6e7
25.Kh1 Ba7xf2
{ abandon }0-1

[Event "Défi"]
[Site "www.echecsemail.com"]
[Date "2026.01.10"]
[Round "1"]
[White "Rocketman"]
[Black "Artorg"]
[WhiteElo "2000"]
[BlackElo "2110"]
[Result "0-1"]
1.e4 e6
2.d4 d5
3.Nb1d2 c5
4.dxc5 Bf8xc5
5.Nd2b3 Bc5b6
6.Qd1g4 Qd8f6
7.Ng1f3 dxe4
8.Qg4xe4 Nb8c6
9.Bf1b5 Bc8d7
10.c3 h6
11.O-O Ng8e7
12.Bc1e3 Bb6c7
13.Ra1d1 Ra8d8
14.Nb3c5 Bd7c8
15.Rd1xd8 Bc7xd8
16.Rf1d1 O-O
17.Qe4c2 Ne7f5
18.Nc5e4 Qf6g6
19.Bb5xc6 bxc6
20.Nf3e5 Qg6h7
21.Ne5xc6 Nf5xe3
22.fxe3 Bd8b6
23.Nc6e7 Kh8
24.Ne7xc8 Bb6xe3
25.Kh1 Rf8xc8
26.h3 Qh7f5
27.Qc2a4 Rc8b8
28.b3 Qf5f4
29.Qa4c4 Qf4h4
30.Rd1f1 Qh4e7
31.Qc4d3 Be3b6
32.Ne4d6 f6
33.Rf1d1 Rb8d8
34.Nd6f7 Qe7xf7
{ abandon }0-1

[Event "Défi( 10J+24H/c 10J Max )"]
[Site "www.echecsemail.com"]
[Date "2026.01.10"]
[Round "1"]
[White "Estrafolis"]
[Black "Vb83"]
[WhiteElo "1630"]
[BlackElo "1420"]
[Result "0-1"]
1.d4 d5
2.c4 e6
3.Nb1c3 Bf8b4
4.Bc1d2 Ng8f6
5.e3 Bb4xc3
6.Bd2xc3 Nf6e4
7.Bf1e2 Qd8f6
8.Ng1f3 Ne4xc3
9.bxc3 O-O
10.O-O dxc4
11.Be2xc4 Bc8d7
12.Qd1d3 a6
13.Bc4b3 b5
14.Bb3c2 g6
15.Nf3e5 Bd7c8
16.Ra1b1 Nb8d7
17.Ne5xd7 Bc8xd7
18.e4 Qf6g5
19.f4 Qg5d8
20.f5 exf5
21.exf5 Bd7xf5
22.Rf1xf5 gxf5
23.Qd3g3 Kh8
24.Rb1f1 Rf8g8
25.Qg3h3 Qd8g5
26.Rf1xf5 Qg5c1
27.Rf5f1 Qc1xc2
28.Qh3f3 Qc2xa2
29.Qf3f6 Rg8g7
30.Qf6c6 Ra8g8
31.g3 f5
32.Rf1xf5 Qa2b1
33.Rf5f1 Qb1d3
34.Qc6xc7 Rg7xc7
{ abandon }0-1

[Event "Défi( 10J+24H/c 10J Max )"]
[Site "www.echecsemail.com"]
[Date "2026.01.10"]
[Round "1"]
[White "Sylvia13"]
[Black "Cavalierfou"]
[WhiteElo "1600"]
[BlackElo "1850"]
[Result "0-1"]
1.e4 e5
2.Ng1f3 d6
3.Bf1e2 Ng8f6
4.Nb1c3 a6
5.d4 Nb8c6
6.Bc1g5 Bf8e7
7.Be2c4 O-O
8.Qd1d2 Bc8g4
9.Qd2e3 exd4
10.Nf3xd4 Bg4h5
11.h3 Nc6e5
12.Bc4b3 Nf6d7
13.Bg5xe7 Qd8xe7
14.Nd4f5 Qe7e8
15.Qe3g3 Bh5g6
16.O-O Bg6xf5
17.exf5 Nd7f6
18.a4 c6
19.Nc3e2 c5
20.Ne2f4 Qe8c6
21.Rf1d1 Ra8d8
22.Bb3d5 Qc6b6
23.b3 Qb6b4
24.a5 b6
25.axb6 Qb4xb6
26.Rd1e1 Rf8e8
27.Qg3c3 Rd8d7
28.Ra1a5 Rd7e7
29.Re1a1 Re7a7
30.Qc3g3 Ne5d7
31.Qg3h4 Qb6b4
32.Qh4g5 Re8e1
33.Kh2 Qb4c3
34.Ra1a2 Nd7b8
35.Bd5c4 Qc3e5
36.g3 Re1d1
37.Nf4d3 Qe5e4
38.g4 Qe4h1
39.Kg3 Nf6e4
40.Kf4 Ne4xg5
41.Kxg5 Qh1xh3
42.b4 Qh3h6
0-1

[Event "La Diagonale du fou 8"]
[Site "www.echecsemail.com"]
[Date "2026.01.10"]
[Round "1"]
[White "Blackbishop"]
[Black "Dameroi"]
[WhiteElo "1820"]
[BlackElo "1720"]
[Result "0-1"]
1.e4 Nb8c6
2.Ng1f3 e5
3.Bf1b5 Ng8f6
4.O-O d6
5.d3 Bc8d7
6.Rf1e1 Bf8e7
7.c3 O-O
8.Bb5a4 Qd8e8
9.d4 exd4
10.cxd4 a6
11.Ba4c2 Bd7g4
12.Bc1e3 Qe8d8
13.a3 Rf8e8
14.Nb1d2 Be7f8
15.d5 Nc6e5
16.h3 Ne5xf3
17.Nd2xf3 Bg4xf3
18.Qd1xf3 Ra8c8
19.Be3g5 Bf8e7
20.Qf3d3 Nf6d7
21.Bg5xe7 Re8xe7
22.e5 g6
23.e6 Nd7e5
24.Qd3g3 fxe6
25.dxe6 Qd8f8
26.Re1e4 Kg7
27.Bc2b3 c5
28.Re4f4 Qf8e8
29.Ra1d1 c4
30.Bb3a2 Re7xe6
31.Qg3c3 b5
32.Ba2b1 Kg8
33.Qc3g3 Kg7
34.Bb1f5 Kh8
35.Bf5xe6 Qe8xe6
36.Rf4e4 Qe6f6
37.Qg3e3 Kg7
38.Re4d4 Rc8d8
39.Qe3g3 Ne5d3
40.Rd1xd3 cxd3
41.Qg3xd3 Qf6e5
42.b4 Qe5e1
43.Kh2 Qe1xf2
44.Qd3c3 Qf2f6
45.Qc3e3 d5
46.Rd4f4 Qf6d6
47.g3 d4
48.Qe3d3 Qd6d5
49.h4 Qd5a2
50.Kh3 Qa2e6
51.Kg2 Qe6a2
52.Rf4f2 Qa2d5
53.Kh2 Qd5c4
54.Qd3f3 Qc4e6
55.Rf2e2 Qe6d6
56.Qf3b7 Rd8d7
57.Qb7f3 d3
58.Re2f2 d2
59.Qf3c3 Qd6d4
60.Qc3f3 Qd4xf2
61.Qf3xf2 d1Q
62.Qf2b2 Qd1d4
63.Qb2e2 Qd4d2
{ abandon }0-1

[Event "Tournoi échelle division 2"]
[Site "www.echecsemail.com"]
[Date "2026.01.10"]
[Round "1"]
[White "Patau"]
[Black "Yab414"]
[WhiteElo "1710"]
[BlackElo "1630"]
[Result "1/2-1/2"]
1.e4 e5
2.Ng1f3 Nb8c6
3.d4 exd4
4.Bf1c4 Bf8e7
5.c3 dxc3
6.Nb1xc3 Ng8f6
7.e5 Nf6g4
8.Bc1f4 O-O
9.O-O a6
10.h3 Ng4h6
11.Bf4xh6 gxh6
12.Nf3h2 Nc6xe5
13.Qd1d5 Ne5xc4
14.Qd5xc4 Be7f6
15.Qc4g4 Bf6g7
16.Ra1d1 d6
17.Qg4g3 Kh8
18.Nh2g4 Qd8g5
19.f4 Qg5c5
20.Qg3e3 Bc8xg4
21.Qe3xc5 dxc5
22.hxg4 Bg7d4
23.Kh2 b5
24.Rd1d2 c6
25.Rd2e2 Ra8e8
26.Rf1e1 Re8d8
27.Nc3e4 Kg7
28.Ne4g3 Kh8
29.Ng3f5 Bd4g7
{ nul }1/2-1/2

[Event "Défi( 10J+24H/c 10J Max )"]
[Site "www.echecsemail.com"]
[Date "2026.01.11"]
[Round "1"]
[White "Titi050"]
[Black "Pourquoipas"]
[WhiteElo "1780"]
[BlackElo "1650"]
[Result "1-0"]
1.d4 f5
2.c4 Ng8f6
3.Nb1c3 e6
4.Ng1f3 Bf8b4
5.g3 b6
6.Bf1g2 Bc8b7
7.O-O Bb4xc3
8.bxc3 O-O
9.Bc1g5 Qd8e8
10.a4 a5
11.Ra1b1 Nf6e4
12.Bg5d2 Rf8f6
13.Qd1c2 Nb8c6
14.Nf3g5 Qe8g6
15.Ng5xe4 f4
16.Ne4xf6 Qg6xf6
17.Bd2xf4 d6
18.d5 Nc6e7
19.Rf1d1 e5
20.Bf4e3 Ra8f8
21.f4 Ne7f5
22.Qc2d3 Bb7a6
23.Bg2h3 Ba6c8
24.Bh3xf5 Bc8xf5
25.Qd3d2 Bf5xb1
26.Rd1xb1 exf4
27.Be3xf4 Qf6f5
28.Rb1a1 Rf8f6
29.Qd2d3 Qf5h3
30.Qd3d2 Rf6f5
31.e4 Rf5h5
32.Ra1f1 g5
33.Bf4xg5 Qh3g4
34.Qd2f2 Qg4c8
35.Qf2f7 Kh8
36.Bg5f6 1-0

[Event "Défi"]
[Site "www.echecsemail.com"]
[Date "2026.01.11"]
[Round "1"]
[White "Kerenor"]
[Black "Epervier14"]
[WhiteElo "1600"]
[BlackElo "1230"]
[Result "1-0"]
1.e4 e5
2.Ng1f3 Ng8f6
3.Nb1c3 Nb8c6
4.a3 Bf8e7
5.Bf1c4 O-O
6.Bc4e2 b6
7.d3 a5
8.Bc1e3 Bc8b7
9.d4 exd4
10.Be3xd4 Nc6xd4
11.Nf3xd4  { temps }1-0

[Event "Transval"]
[Site "www.echecsemail.com"]
[Date "2026.01.11"]
[Round "1"]
[White "Karting"]
[Black "Mindthegap"]
[WhiteElo "1590"]
[BlackElo "1420"]
[Result "1-0"]
1.e4 e5
2.Bf1c4 Ng8f6
3.d3 d5
4.exd5 Nb8d7
5.a3 Bf8c5
6.Bc1e3 Bc5xe3
7.fxe3 Nd7c5
8.e4 Bc8g4
9.Qd1d2 Qd8d7
10.Ng1f3 O-O-O
11.Qd2a5 Bg4xf3
12.gxf3 Nc5xd3
13.Bc4xd3 Nf6h5
14.Qa5xa7 { abandon }1-0

[Event "Défi"]
[Site "www.echecsemail.com"]
[Date "2026.01.11"]
[Round "1"]
[White "Vvvv"]
[Black "Riothamus"]
[WhiteElo "1720"]
[BlackElo "1690"]
[Result "1-0"]
1.e4 c6
2.Ng1f3 d5
3.exd5 cxd5
4.d4 Nb8c6
5.Bf1e2 Ng8f6
6.O-O Bc8f5
7.Be2b5 e6
8.Nf3e5 Qd8c7
9.c3 Bf8e7
10.Bc1g5 O-O
11.Qd1a4 Rf8c8
12.Bg5xf6 Be7xf6
13.Bb5xc6 Bf6xe5
14.dxe5 bxc6
15.Rf1e1 Bf5e4
16.Nb1d2 Be4d3
17.Re1e3 Bd3b5
18.Qa4c2 a5
19.a4 Bb5a6
20.Re3h3 g6
21.Nd2f3 Ra8b8
22.Nf3g5 Qc7xe5
23.Ng5xh7 Kg7
24.f4 Qe5f5
25.Qc2xf5 exf5
26.Nh7g5 Rc8h8
27.Rh3xh8 Rb8xh8
28.g3 Rh8e8
29.b4 axb4
30.cxb4 d4
31.Ra1b1 Ba6c4
32.b5 cxb5
33.axb5 d3
34.Ng5f3 Re8b8
35.b6 Bc4a6
36.Kf2 Kf6
37.Nf3e5 d2
38.Ke3 Rb8d8
39.Rb1d1 Ba6b7
40.Rd1xd2 Rd8e8
41.Rd2d7 Re8b8
42.Rd7xf7 Ke6
43.Rf7c7 Bb7a6
44.Rc7c6 Kd5
45.Rc6xg6 Kc5
46.Ne5d7 { abandon }1-0

[Event "Coupe Niveau 2"]
[Site "www.echecsemail.com"]
[Date "2026.01.11"]
[Round "1"]
[White "Domenico"]
[Black "Woluwe1975"]
[WhiteElo "1710"]
[BlackElo "1640"]
[Result "1-0"]
1.e4 c6
2.Bf1c4 e6
3.Ng1f3 d5
4.exd5 exd5
5.Bc4e2 Ng8f6
6.O-O Bf8d6
7.d4 h6
8.c3 O-O
9.Bc1e3 Nf6g4
10.h3 Qd8f6
11.hxg4 Bc8xg4
12.Nb1d2 Bg4e6
13.b3 Nb8d7
14.c4 g5
15.c5 Bd6c7
16.Nf3h2 Rf8e8
17.Be2g4 Kg7
18.Nd2f3 b5
19.Bg4xe6 Qf6xe6
20.Qd1d3 Qe6e4
21.Qd3d2 Qe4g6
22.Nh2g4 f5
23.Ng4e5 Qg6e6
24.Qd2d3 f4
25.Be3d2 Bc7xe5
26.Nf3xe5 Nd7xe5
27.dxe5 a5
28.a3 Re8d8
29.Qd3f3 Rd8f8
30.b4 a4
31.Qf3h5 d4
32.Rf1e1 Ra8d8
33.Kh1 d3
34.Bd2c3 Rf8f5
35.Qh5g4 Kg6
36.Ra1a2 Qe6xa2
37.e6 Rd8e8
38.e7 Qa2xf2
39.Re1e6 Kh7
40.Qg4xf5 Kg8
41.Re6g6 { abandon }1-0

[Event "Défi"]
[Site "www.echecsemail.com"]
[Date "2026.01.11"]
[Round "1"]
[White "Whisky"]
[Black "Epervier14"]
[WhiteElo "1320"]
[BlackElo "1230"]
[Result "1-0"]
1.Ng1f3 Ng8f6
2.g3 g6
3.Bf1g2 Bf8g7
4.O-O O-O
5.d3 d5
6.Nf3e5 Nb8d7
7.Bc1f4 b6
8.d4 Bc8b7
9.b3 e6
10.c3 c6
11.a4 a5
12.Qd1d3 Bb7a6
13.Qd3e3  { temps }1-0

[Event "Transval"]
[Site "www.echecsemail.com"]
[Date "2026.01.11"]
[Round "1"]
[White "Karting"]
[Black "Woluwe1975"]
[WhiteElo "1590"]
[BlackElo "1630"]
[Result "1-0"]
1.e4 e6
2.d4 d5
3.exd5 exd5
4.Bf1d3 Bf8d6
5.Ng1f3 Ng8f6
6.O-O O-O
7.Rf1e1 Nf6g4
8.h3 Ng4f6
9.c3 Rf8e8
10.Re1xe8 Qd8xe8
11.Qd1e1 Qe8d7
12.Bc1e3 Nf6e4
13.Nb1d2 f5
14.Bd3f1 f4
15.Be3xf4 Bd6xf4
16.Nd2xe4 dxe4
17.Qe1xe4 Bf4h6
18.Bf1c4 Kh8
19.Bc4d3 g6
20.Qe4e5 Bh6g7
21.Qe5e4 Nb8c6
22.Ra1e1 Qd7d6
23.Qe4e8 Bg7f8
24.Nf3g5 Kg7
25.Qe8f7 { abandon }1-0

[Event "Tournoi échelle division 2"]
[Site "www.echecsemail.com"]
[Date "2026.01.11"]
[Round "1"]
[White "Nbelnico"]
[Black "Woluwe1975"]
[WhiteElo "1690"]
[BlackElo "1650"]
[Result "0-1"]
1.e4 e5
2.Ng1f3 d6
3.h3 Ng8f6
4.Nb1c3 h6
5.d4 Bf8e7
6.Bf1c4 O-O
7.O-O exd4
8.Qd1xd4 Nb8c6
9.Qd4d3 Nc6e5
10.Qd3d1 Ne5xc4
11.b3 Nc4e5
12.Bc1e3 c5
13.a4 b6
14.Be3f4 Ne5xf3
15.Qd1xf3 Bc8b7
16.Nc3d5 Nf6xd5
17.exd5 Be7f6
18.Ra1d1 Rf8e8
19.c4 Qd8d7
20.Qf3g3 Bf6e5
21.Bf4xe5 Re8xe5
22.f4 Re5e7
23.f5 f6
24.Rd1e1 Ra8e8
25.Re1a1 a5
26.Qg3d3 Re7e3
27.Qd3c2 Re3e2
28.Qc2d3 Re2e3
29.Qd3c2 Re3e2
30.Qc2d1 Re8e3
31.Qd1c1 Qd7e8
32.Qc1d1 Qe8e4
33.Qd1xe2 Re3xe2
34.Rf1f2 Re2e1
35.Rf2f1 Re1e3
36.Ra1b1 Bb7c8
{ abandon }0-1

[Event "Défi"]
[Site "www.echecsemail.com"]
[Date "2026.01.11"]
[Round "1"]
[White "Joelcouturier"]
[Black "Epervier14"]
[WhiteElo "1180"]
[BlackElo "1210"]
[Result "1-0"]
1.e4 e5
2.Ng1f3 Ng8f6
3.Bf1c4 Nf6xe4
4.Nf3xe5 d5
5.Bc4b5 c6
6.Bb5e2 Bc8e6
7.O-O Bf8d6
8.Ne5f3 O-O
9.d3 Ne4f6
10.Nb1d2 Nb8d7
11.Nd2b3 a5
12.h3 Nd7c5
13.Nb3d4 Rf8e8
14.b3 b5
15.Rf1e1 Qd8c7
16.Nf3g5 g6
17.Bc1a3 a4
18.Be2g4 Be6xg4
19.hxg4 Re8xe1
20.Qd1xe1 Ra8e8
21.Qe1c3 Bd6f4
22.Ng5f3 Nf6xg4
23.g3 Bf4xg3
24.Ba3xc5 Bg3xf2
25.Kf1 Bf2xd4
26.Bc5xd4 Ng4h2
27.Kf2 Nh2xf3
28.Kxf3 Qc7e7
29.Bd4c5 Qe7e6
30.Ra1e1 Qe6f5
31.Kg2 Re8xe1
32.Bc5b4 Re1e2
33.Kg3 Qf5f2
34.Kg4 Qf2g2
35.Kf4 Qg2f2
36.Kg5 Re2xc2
37.Qc3e5 Qf2g2
38.Kf6 Rc2f2
39.Ke7  { temps }1-0

[Event "TRISTAN DA CUNHA"]
[Site "www.echecsemail.com"]
[Date "2026.01.11"]
[Round "1"]
[White "Casisimed"]
[Black "Rachess"]
[WhiteElo "1640"]
[BlackElo "1550"]
[Result "1-0"]
1.e4 e5
2.Ng1f3 Nb8c6
3.Nb1c3 Ng8f6
4.Bf1c4 Nf6xe4
5.Nc3xe4 d5
6.Bc4xd5 Qd8xd5
7.d3 Bc8g4
8.c4 Qd5d7
9.Bc1e3 Bf8d6
10.c5 Bd6e7
11.Qd1b3 Bg4e6
12.Qb3xb7 Ra8b8
13.Qb7a6 Rb8xb2
14.O-O  { temps }1-0

[Event "MI6B"]
[Site "www.echecsemail.com"]
[Date "2026.01.11"]
[Round "1"]
[White "Volatile"]
[Black "Alizarine"]
[WhiteElo "2570"]
[BlackElo "2530"]
[Result "1/2-1/2"]
1.d4 Ng8f6
2.c4 g6
3.Nb1c3 d5
4.Ng1f3 Bf8g7
5.cxd5 Nf6xd5
6.e4 Nd5xc3
7.bxc3 c5
8.Bf1e2 Nb8c6
9.Ra1b1 O-O
10.d5 Bg7xc3
11.Bc1d2 Bc3xd2
12.Qd1xd2 Nc6d4
13.Nf3xd4 cxd4
14.Qd2xd4 Qd8a5
15.Qd4d2 Qa5xd2
16.Kxd2 Rf8d8
17.Ke3 e6
18.dxe6 Bc8xe6
19.Rb1xb7 Ra8c8
20.Rh1d1 Rc8c3
21.Kf4 Rd8xd1
22.Be2xd1 Be6xa2
23.Rb7xa7 Ba2e6
24.h4 Kg7
25.g3 Rc3d3
26.Bd1g4 Be6xg4
27.Kxg4 h5
28.Kf4 Rd3d4
29.Ke3 Rd4b4
30.f3 Rb4b6
31.Ra7c7 Rb6a6
32.Rc7d7 Ra6b6
33.e5 Rb6a6
34.Rd7d4 Ra6a3
35.Kf4 Ra3a6
36.g4 hxg4
37.fxg4 Ra6b6
38.Rd4d5 Rb6a6
39.Kg5 Ra6a4
40.h5 gxh5
41.Kxh5 Ra4a1
42.Kg5 Ra1e1
43.Kf4 { nul }1/2-1/2